00315nam a2200121Ia 4500008004100000020002200041041000800063082002200071100002900093245003000122260003300152300000800185230411s9999 xx 000 0 und d a978-81-225-0732-4 aeng aSO/301/BHU/B08574 aBhushan Vidya & Sachdeva aIntroduction to Sociology bKitab MahalaAllahabadc2014 a552